00393nam a2200133Ia 4500008004100000041001200041082002400053100004200077245008600119250001300205260001900218300001400237650000800251231217s9999 xx 000 0 und d aEnglish a001.64076 MEH;1 `R' aMehta, Subhash Jaiswal S Chopra, Ravi 0aMCA Master in computer applications: Que tion bank, a comprehensive guide to MCA. a2nd ed.  c1998bGalgotia avi+Phy 27 aMCA